Loading...
| History - American History | 1 | 1 | 1 | 1 | 20 | 68 | 100.00 | 0 | 1 |
| Fine Arts - Classical Music | 0 | 2 | 0 | 2 | 20 | 135 | 142.00 | 0 | 0 |
| Science - Other Science | 0 | 2 | 0 | 1 | 20 | 90 | 111.00 | 0 | 0 |
| Geography | 0 | 2 | 0 | 2 | 20 | 126 | 138.00 | 0 | 1 |
| Current Events | 0 | 1 | 0 | 0 | 10 | 138 | 138.00 | 0 | 0 |
| History - Other History | 0 | 1 | 0 | 1 | 10 | 142 | 142.00 | 0 | 0 |
| History - World History | 0 | 1 | 0 | 1 | 10 | 143 | 143.00 | 0 | 1 |
| Literature - Long Fiction | 0 | 1 | 0 | 0 | 10 | 147 | 147.00 | 0 | 1 |
| Literature - Misc Literature | 0 | 1 | 0 | 1 | 10 | 149 | 149.00 | 0 | 0 |
| Other Academic | 0 | 1 | 0 | 0 | 10 | 93 | 93.00 | 0 | 1 |
| Science - Physics | 0 | 1 | 0 | 0 | 10 | 127 | 127.00 | 0 | 0 |
| Science - Biology | 0 | 1 | 1 | 1 | 5 | 140 | 140.00 | 0 | 0 |
| Social Science | 0 | 1 | 2 | 0 | 0 | 84 | 84.00 | 0 | 1 |
| Fine Arts - Other Fine Arts | 0 | 1 | 2 | 0 | 0 | 124 | 124.00 | 0 | 0 |
| History - European History | 0 | 0 | 0 | 0 | 0 | 0.00 | 0 | 0 | |
| Religion | 0 | 0 | 0 | 0 | 0 | 0.00 | 0 | 0 | |
| Literature - Poetry | 0 | 0 | 1 | 0 | -5 | 0.00 | 0 | 0 | |
| Science - Chemistry | 0 | 0 | 1 | 0 | -5 | 0.00 | 0 | 0 | |
| Mythology | 0 | 0 | 1 | 0 | -5 | 0.00 | 0 | 0 |